000 00651nam a2200277Ia 4500
005 20260324133942.0
008 008 260324s9999 xx 000 0 eng d
020 _a9780080508511
037 _aEBOOK
040 _aCRL
040 _beng
040 _cCRL
041 _2eng
041 _aeng
084 _qCRL
100 _aNadine Klasen; David Clutterbuck
_91195007
245 0 _aImplementing Mentoring Schemes
260 _bTaylor and Francis
260 _c2002
365 _a
365 _b230
856 _uhttp://www.taylorfrancis.com/books/9780080508511
942 _cEBOOK
999 _c1794593
_d1794593